Formar niños productores de textos
Spremljeno u:
| Glavni autor: | |
|---|---|
| Autor kompanije: | |
| Format: | Knjiga |
| Jezik: | španjolski |
| Izdano: |
Santiago
Dolmen
1995
|
| Izdanje: | 6a. ed |
| Teme: | |
| Oznake: |
Dodaj oznaku
Bez oznaka, Budi prvi tko označuje ovaj zapis!
|
MARC
| LEADER | 00000nam a2200000 a 4500 | ||
|---|---|---|---|
| 001 | UCM0712 | ||
| 003 | CL-VaPUC | ||
| 008 | 020308e19950000CL |||||||||||||||||spa|d | ||
| 082 | 0 | 4 | |a 372.41 |b JOL |2 21 |
| 100 | 0 | |a Jolibert, Josette |e author |9 233 | |
| 110 | 2 | |a Grupo de Investigación de Ecouen |e author |9 467652 | |
| 245 | 1 | 0 | |a Formar niños productores de textos |
| 250 | |a 6a. ed | ||
| 300 | |a 233 p | ||
| 942 | |c BK | ||
| 945 | |d 20020308 00:00:00 |a vberengu | ||
| 260 | |a Santiago |b Dolmen |c 1995 | ||
| 650 | 0 | |a Métodos de enseñanza |9 270413 | |
| 650 | 0 | |a Comprensión de lectura |9 307588 | |
| 650 | 0 | |a Planificación del currículo |9 269599 | |
| 650 | 7 | |a ELABORACION DE TEXTOS |2 CL-VaPUC |9 466587 | |
| 583 | |a last modification |c 20170927 10:45:13 |k Rodrigo Vera | ||
| 999 | |c 299550 |d 299548 | ||
| 952 | |0 0 |1 0 |4 0 |6 372_410000000000000_JOL_1995 |7 0 |8 A |9 356182 |a FDOPOS |b FDOPOS |d 2019-11-21 |i 3790452 |o 372.41 JOL 1995 |p 3790452 |r 2025-01-22 |w 2019-11-21 |y BK |k MLA | ||